000 00671cam a2200217 4500
008 090401t1989 xxu||||| |||| 00| 0 eng d
020 _a0632024968
035 _a(Sirsi) u58545
041 _aeng
050 _a347.4109
100 _aJones, Neil F.
245 2 _aA user`s guide to the JCT Arbitration Rules
260 _aOxford
_bBSP Professional Books
_c1989
300 _axi,208p. ; 24cm.
350 _a22.5
650 _aMANAGEMENT-DISPUTE AVOIDANCE, MANAGEMENT AND RESOLUTION-DISPUTE MANAGEMENT AND RESOLUTION-ARBITRATION
650 _aBUILT ENVIRONMENT-BUILDING CONTRACT FORMS
650 _aJOINT CONTRACTS TRIBUNAL
942 _n0
948 _c04/03/1997
999 _c94077
_d94077